000 00921cam a2200133 4500500
005 20251012042341.0
041 _afre
042 _adc
100 1 0 _aPoyraz, Mustafa
_eauthor
245 0 0 _aLes interventions sociales de proximité
260 _bL'Harmattan,
_c2005.
520 _aLes enjeux liés aux espaces de proximité, où les problèmes de la pauvreté, de l’exclusion, de l’immigration et de la jeunesse s’exposent de façon marquante, occupent une place de plus en plus importante dans la politique publique. Ces différentes contributions tentent d’analyser les interventions sociales dans ces espaces. Le positionnement des centres sociaux et des maisons de quartier, ponts reliés aux institutions, constitue le point central de la préoccupation de ce travail.
856 4 1 _uhttps://shs.cairn.info/les-interventions-sociales-de-proximite--9782747584395?lang=fr&redirect-ssocas=7080
999 _c1548758
_d1548758